Loading...
| Religion | 0 | 2 | 0 | 1 | 20 | 93 | 104.00 | 0 | 0 | 4.14 | 12.45 |
| Mythology | 0 | 2 | 0 | 0 | 20 | 45 | 60.00 | 1 | 1 | 10.89 | 17.27 |
| History - American | 0 | 2 | 1 | 0 | 15 | 76 | 82.50 | 0 | 0 | 7.49 | 11.82 |
| History - Other | 0 | 2 | 1 | 0 | 15 | 24 | 59.50 | 1 | 2 | 9.85 | 17.00 |
| Philosophy | 0 | 1 | 0 | 0 | 10 | 105 | 105.00 | 0 | 1 | 1.60 | 9.09 |
| Science - Chemistry | 0 | 1 | 0 | 1 | 10 | 101 | 101.00 | 0 | 0 | 0.00 | 1.00 |
| Science - Biology | 0 | 2 | 2 | 1 | 10 | 95 | 106.00 | 0 | 0 | 1.12 | 8.55 |
| History - World | 0 | 1 | 0 | 1 | 10 | 117 | 117.00 | 0 | 0 | 0.08 | 2.73 |
| Literature - British | 0 | 1 | 0 | 0 | 10 | 99 | 99.00 | 0 | 1 | 2.77 | 8.18 |
| Literature - European | 0 | 1 | 0 | 0 | 10 | 92 | 92.00 | 0 | 0 | 3.38 | 5.45 |
| Other Academic | 0 | 0 | 1 | 0 | -5 | 0.00 | 0 | 0 | 0.00 | 0.00 | |
| Science - Physics | 0 | 0 | 2 | 0 | -10 | 0.00 | 0 | 0 | 0.00 | 0.00 |